| Поле | Инд. | ПП | Название | Значение |
|---|---|---|---|---|
| Тип записи | a | |||
| Библиографический уровень | m | |||
| 001 | Контрольный номер | RU/LIBMSTU/373540302 | ||
| 005 | Дата корректировки | 20150310130108.0 | ||
| 008 | Кодируемые данные | 111107|||||||||ru |||||||||||000|||rus|| | ||
| 020 | a | ISBN | 5-86349-114-0 | |
| 040 | b | Код языка каталог. | rus | |
| 041 | 0_ | a | Код языка текста | rus |
| 084 | a | Индекс другой классификации/Индекс ББК | 39.42г+39.425 | |
| 090 | a | Полочн. индекс | 39.42г | |
| x | Авторский знак | З-37 | ||
| 100 | 1_ | a | Автор | Заферман М. Л. |
| 245 | 10 | a | Заглавие | Научный флот ПИНРО |
| c | Ответственность | Гос. ком. Рос. Федерации по рыболовству, Поляр. науч.-исслед. ин-т мор. рыб. хоз-ва и океанографии им. Н. М. Книповича (ПИНРО) | ||
| 250 | a | Основные сведения об издании | Изд. 2-е, перераб. и доп. | |
| 260 | a | Место издания | Мурманск | |
| b | Издательство | Изд-во ПИНРО | ||
| c | Дата издания | 2002 | ||
| 300 | a | Объем | 63, [1] с. | |
| b | Иллюстрации/ тип воспроизводства | цв. ил. | ||
| 650 | 04 | a | Основная рубрика | Научно-исследовательский флот ПИНРО-История |
| 653 | 0_ | a | Ключевые слова | История ПИНРО; История флота; Научно-исследовательский флот; Научный флот; ПИНРО |
| 700 | 12 | a | Другие авторы | Мухин А. И. |
| 901 | t | Тип документа | m |